| 000 | 01493nam a22003137a 4500 | ||
|---|---|---|---|
| 005 | 2009111306196.0 | ||
| 008 | 091113t xxu||||| |||| 00| 0 eng d | ||
| 010 | _aENG-95439 | ||
| 020 |
_a818324274X _c360.00 |
||
| 020 |
_a9788183242745 _c360.00 |
||
| 035 | _aEN-78972 | ||
| 037 | _bDBAD/PUB | ||
| 040 |
_aDPL _bENG |
||
| 082 | _a333.7071054 | ||
| 100 |
_aTilottama Senapati _96521 |
||
| 245 |
_aEnvironmental education and pollution control / _cby Tilottama Senapati [and] Rajan Kumar Sahoo |
||
| 260 |
_aNew Delhi _bMittal Publications _c2009 |
||
| 270 |
_a4594/9, Darya Ganj _bNew Delhi _e110002 |
||
| 300 |
_axv,139p. _c23cm (Hb) |
||
| 500 | _aIncludes bibliographical references and index | ||
| 520 | _aStudy conducted among the 100 students of class IX of four govt. high schools in Kendrapara District of Orissa, India. | ||
| 650 |
_aEnvironmental educaition _xIndia _zKendrapara (District) _96522 |
||
| 650 |
_aPollution prevention _xIndia _zKendrapara (District) _96523 |
||
| 700 |
_aSahoo, Rajan Kumar _96524 |
||
| 856 | _uhttp://www.loc.gov/catdir/toc/ecip0721/2007025342.html | ||
| 942 |
_2ddc _cEN _mTIL _h333.7071054 |
||
| 999 |
_c31776 _d31776 |
||